[Event "Thailand op"]
[Site "Chiangmai"]
[Date "2023.07.02"]
[Round "7"]
[White "Makarov, Nikolay Val"]
[Black "Owen, Michael"]
[Result "1-0"]
[WhiteElo "2251"]
[BlackElo "2048"]
[PlyCount "87"]
[EventDate "2023.06.28"]
[EventType "swiss"]
[EventRounds "9"]
[EventCountry "THA"]
[SourceTitle "CBM 215 Extra"]
[Source "ChessBase"]
[SourceDate "2023.09.30"]
[SourceVersion "1"]
[SourceVersionDate "2023.09.30"]
[SourceQuality "1"]

1. e4 c5 2. d4 cxd4 3. Qxd4 Nc6 4. Qd3 g6 5. Nf3 Bg7 6. Be2 Nf6 7. Nc3 d6 8. 0-0 0-0 9. Nd5 Bg4 10. c3 Nd7 11. h3 Bxf3 12. Qxf3 a6 13. Rd1 Rc8 14. Qg3 Re8 15. h4 Nc5 16. f3 b5 17. Be3 Na4 18. Rd2 e6 19. Nb4 Nxb4 20. cxb4 Bxb2 21. Rf1 Bf6 22. Rxd6 Bxh4 23. Qh2 Qe7 24. e5 Nc3 25. Bd3 Nd5 26. Bc5 Qg5 27. f4 Qg4 28. Rxa6 Be7 29. Bxb5 Nxb4 30. Bxb4 Bxb4 31. Bxe8 Bc5+ 32. Kh1 Qe2 33. Bxf7+ Kg7 34. Rb1 Qxa6 35. Qh4 Kxf7 36. Qxh7+ Kf8 37. Qh8+ Ke7 38. Qg7+ Ke8 39. Qxg6+ Ke7 40. Qg7+ Ke8 41. Rd1 Be7 42. Qg8+ Bf8 43. Qg6+ Ke7 44. f5 1-0

[Event "Thailand op"]
[Site "Chiangmai"]
[Date "2023.07.01"]
[Round "5"]
[White "Owen, Michael"]
[Black "Nguyen, Quoc Hy"]
[Result "0-1"]
[WhiteElo "2048"]
[BlackElo "2337"]
[PlyCount "102"]
[EventDate "2023.06.28"]
[EventType "swiss"]
[EventRounds "9"]
[EventCountry "THA"]
[SourceTitle "CBM 215 Extra"]
[Source "ChessBase"]
[SourceDate "2023.09.30"]
[SourceVersion "1"]
[SourceVersionDate "2023.09.30"]
[SourceQuality "1"]

1. e4 c5 2. Nf3 Nc6 3. d4 cxd4 4. Nxd4 Nf6 5. Nc3 e5 6. Ndb5 d6 7. Bg5 a6 8. Na3 Be6 9. Nc4 Nd4 10. Ne3 Rc8 11. Bd3 Be7 12. Bxf6 Bxf6 13. Ncd5 0-0 14. 0-0 Bg5 15. c3 Nc6 16. Be2 g6 17. Qd3 f5 18. exf5 gxf5 19. f4 Bh6 20. Rad1 Kh8 21. g3 Qe8 22. fxe5 dxe5 23. Kh1 f4 24. Ng4 Bf5 25. Qd2 Be4+ 26. Kg1 f3 27. Nxh6 Bxd5 28. Bd3 e4 29. Rde1 Rd8 30. c4 Qe5 31. cxd5 Rxd5 32. Ng4 Rxd3 33. Qxd3 Qxb2 34. Rf2 Qxf2+ 35. Nxf2 exd3 36. Nxd3 Nb4 37. Nf4 f2+ 38. Kxf2 Nd3+ 39. Ke2 Nxe1 40. Kxe1 Rf5 41. Ne2 Rh5 42. h4 Ra5 43. Nc3 b5 44. a3 Rxa3 45. Kd2 b4 46. Nd5 a5 47. g4 Rg3 48. Nf6 b3 49. Kc1 a4 50. Kb2 Rg2+ 51. Ka3 Ra2+ 0-1

[Event "Thailand op"]
[Site "Chiangmai"]
[Date "2023.06.29"]
[Round "2"]
[White "Siddharth, Jagadeesh"]
[Black "Owen, Michael"]
[Result "1-0"]
[WhiteElo "2397"]
[BlackElo "2048"]
[PlyCount "53"]
[EventDate "2023.06.28"]
[EventType "swiss"]
[EventRounds "9"]
[EventCountry "THA"]
[SourceTitle "CBM 215 Extra"]
[Source "ChessBase"]
[SourceDate "2023.09.30"]
[SourceVersion "1"]
[SourceVersionDate "2023.09.30"]
[SourceQuality "1"]

1. e4 c5 2. Nc3 d6 3. d4 cxd4 4. Qxd4 Nc6 5. Qd2 Nf6 6. b3 e6 7. Bb2 Be7 8. 0-0-0 0-0 9. f4 Qa5 10. g4 Nxg4 11. Nf3 Nf6 12. Rg1 Re8 13. a3 a6 14. b4 Qc7 15. Bd3 Bf8 16. e5 dxe5 17. fxe5 Nd7 18. Bxh7+ Kxh7 19. Ng5+ Kg8 20. Qd3 g6 21. Qh3 Bg7 22. Qh7+ Kf8 23. Nxf7 Ncxe5 24. Nxe5 Qxe5 25. Rdf1+ Ke7 26. Nd1 Rh8 27. Qxg6 1-0